000 00694nam a2200169 u 4500
001 000002629
005 20230308115614.0
008 090703s2003 dr a r 000 0 spa d
040 _aDO-SdBNP
_bspa
_cBNPHU
245 1 4 _aLas necesidades judiciales desde la perspectiva de las organizaciones comunitarias :
_bdiagnóstico y consulta /
_cFundación Institucional y Justicia (FINJUS).
260 _aSanto Domingo :
_b(CARMJ) ,
_c2003.
300 _a87 p. :
_bil. . ;
_c23 cm.
500 _aIncluye índice
500 _adiagnóstico y consulta noviembre 2002 - enero 2003
710 1 _aRepública Dominicana.
_bComisionado de Apoyo a la Reforma y Modernización de la Justicia
_917179
049 _aBNPD
999 _c2465
_d2465